000 00460nam a2200181Ia 4500
003 OSt
005 20241126110330.0
008 160526b xxu||||| |||| 00| 0 eng d
020 _a1852402849
040 _cgbc
082 _a266.001
_bPAT
100 _aPaterson, Ross
_92230
245 _aThe Antioch factor :
_bthe hidden message of the book of Acts
260 _bSOVEREIGN WORLD,
_aTonbridge:
_c2000
300 _a256p.
653 _aMission
942 _2ddc
_cBK
999 _c114
_d114